Statistics for World War II Events Map Quiz

Click here to take the quiz!

General Stats

  • This quiz has been taken 252 times
  • The average score is 10 of 21

Answers on the Map

Answers color-coded by a green-red scale on the quiz's map according to % correct below.
 

Answer Stats

Answer% Correct
Battle of Berlin
79%
Bombing of Pearl Harbor
71%
Battle of el-Alamein
68%
Battle of Singapore
67%
Invasion of Sicily
64%
Siege of Leningrad
64%
Battle of Stalingrad
63%
Battle of Britain
59%
D-Day Invasion
58%
Battle of Nanking
56%
Battle of the Bulge
52%
Battle of Kursk
47%
Battle of Monte-Cassino
41%
Battle of Luzon
39%
Battle of Okinawa
32%
Battle of Iwo-Jima
29%
Battle of Midway
29%
Bombing of Hiroshima
25%
Bombing of Nagasaki
23%
Battle of the Coral Sea
22%
Battle of Guadalcanal
17%

Score Distribution

Percentile by Number Answered

Percent of People with Each Score

Your Score History

You have not taken this quiz